000 00230nam a22001097a 4500
020 _a978-1-40930-0009-0
082 _a821
245 _aRHYME TO SHARE
260 _aLONDON
_bLADTBIRD
650 _aENGLISH RHYMES
_zLONDON
942 _cBK
999 _c1770
_d1770